[Event "División de Honor Aragonesa 2019 - Encuentros por tableros Global"]
[Site ""]
[Date "2019.03.30"]
[Round "10.8"]
[White "Veras Sanz, Marino"]
[Black "Torcal Miguel, Oscar"]
[Result "0-1"]
[WhiteElo "2084"]
[BlackElo "2084"]
[PlyCount "0"]
[WhiteTeam "El Olivar"]
[BlackTeam "Ibercaja"]
[EventDate "2019.01.26"]

1. Nf3 Nf6 2. g3 g6 3. Bg2 Bg7 4. O-O O-O 5. d4 d6 6. c4 Nfd7 7. Nc3 e5 8. b3
exd4 9. Bg5 f6 10. Nxd4 fxg5 11. Ne6 Qe7 12. Rc1 Nf6 13. Nxf8 Bxf8 14. Nd5 Nxd5
15. Qxd5+ Kh8 16. Rc3 c6 17. Qa5 Bf5 18. Re3 Qd7 19. g4 Bxg4 20. Qxg5 Na6 21.
Rg3 Be6 22. h4 Qf7 23. Rf3 Qg7 24. Re3 Be7 25. Qa5 Bd7 26. Rd1 Rf8 27. Bf3 Rf4
28. b4 Rxc4 29. b5 cxb5 30. Rxd6 Bxd6 31. Qd8+ Bf8 32. Bd5 Rc8 0-1

[Event "División de Honor Aragonesa 2019 - Encuentros por tableros Global"]
[Site ""]
[Date "2019.03.30"]
[Round "10.10"]
[White "Ereza Vizcarra, Fernando"]
[Black "Calvo Simon, Jorge"]
[Result "0-1"]
[WhiteElo "2059"]
[BlackElo "2192"]
[PlyCount "0"]
[WhiteTeam "Jaque"]
[BlackTeam "Helios"]
[EventDate "2019.01.26"]

1. Nf3 g6 2. d4 Bg7 3. c3 Nf6 4. Bg5 d6 5. Nbd2 O-O 6. e4 c5 7. d5 h6 8. Bh4 g5
9. Bg3 Nh5 10. Nxg5 Nxg3 11. hxg3 hxg5 12. Qh5 Re8 13. Nf3 e6 14. Nxg5 Qf6 15.
O-O-O e5 16. Qh7+ Kf8 17. Qh4 Ke7 18. f4 Nd7 19. Be2 Rh8 20. Bh5 exf4 21. gxf4
Bh6 22. Nxf7 Qxh4 23. Rxh4 Bxf4+ 24. Kc2 Rh7 25. Rf1 Nf6 26. Rfxf4 Nxh5 27. Ng5
Nxf4 28. Rxh7+ Kf6 29. Nf3 Ng6 30. Kd2 b6 31. Ke3 Bg4 32. Nh2 Ne5 33. b3 Rg8
34. Nf1 Bd7 35. g3 Kg6 36. Rh1 Rf8 37. Nd2 Ng4+ 38. Ke2 Rf2+ 39. Ke1 Rg2 40.
Rh8 Ne3 41. Nf3 Rxa2 42. Rd8 Bg4 43. Rxd6+ Kg7 44. Nd2 Ng2+ 0-1

[Event "División de Honor Aragonesa 2019 - Encuentros por tableros Global"]
[Site ""]
[Date "2019.03.30"]
[Round "10.11"]
[White "Guzman Moneo, Alberto"]
[Black "Escartin Lacasa, Jose"]
[Result "0-1"]
[WhiteElo "2170"]
[BlackElo "1976"]
[PlyCount "0"]
[WhiteTeam "Helios"]
[BlackTeam "Jaque"]
[EventDate "2019.01.26"]


1. e4 c5 2. Nc3 Nc6 3. Bb5 e6 4. Bxc6 bxc6 5. f4 d5 6. d3 Ba6 7. Nf3 c4 8. d4
Bb4 9. O-O Nf6 10. e5 Ne4 11. Nxe4 dxe4 12. Ng5 c3 13. Rf2 cxb2 14. Bxb2 e3 15.
Re2 Bxe2 16. Qxe2 Be7 17. Ne4 O-O 18. Qxe3 Rb8 19. Bc3 Qd5 20. g4 f5 21. exf6
Bxf6 22. Nc5 Rbe8 23. g5 Bd8 24. a4 Bc7 25. Nd3 Qc4 26. Bb4 Bxf4 27. Nxf4 Qxb4
28. g6 e5 29. gxh7+ Kxh7 30. Qd3+ Kg8 31. c3 Qd6 32. Ng6 Rf7 33. Qg3 Rf5 34.
dxe5 Qc5+ 35. Kg2 Qd5+ 36. Kg1 Rf3 37. Qg5 Qc5+ 38. Kh1 Rf2 39. Rd1 Qc4 40. Qe3
Rf1+ 41. Rxf1 Qxf1+ 42. Qg1 Qxg1+ 43. Kxg1 Re6 44. Nf4 Rxe5 45. Kf2 Rc5 46. Ng6
Rxc3 47. Ke2 Kf7 48. Kd2 Rc5 49. Nf4 Rc4 50. Nd3 Rxa4 51. Ne5+ Ke6 52. Nxc6 Kd6
53. Nd8 Ra2+ 54. Ke3 Rxh2 55. Nf7+ Kc5 56. Ng5 Kb4 57. Ne6 a5 58. Nxg7 a4 59.
Nf5 a3 60. Nd4 a2 0-1

[Event "División de Honor Aragonesa 2019 - Encuentros por tableros Global"]
[Site ""]
[Date "2019.03.30"]
[Round "10.12"]
[White "Buisac Anadon, Pablo"]
[Black "Cerrajeria Ruiz, Jesus Maria"]
[Result "0-1"]
[WhiteElo "1864"]
[BlackElo "2137"]
[PlyCount "0"]
[WhiteTeam "Jaque"]
[BlackTeam "Helios"]
[EventDate "2019.01.26"]

1. d4 Nf6 2. Nf3 g6 3. c4 c5 4. d5 b5 5. cxb5 a6 6. bxa6 Bxa6 7. Nc3 d6 8. e4
Bxf1 9. Kxf1 Bg7 10. g3 O-O 11. Kg2 Na6 12. Bf4 Nh5 13. Be3 Qb6 14. Qd2 Rfb8
15. Rab1 Qa5 16. Rhc1 Nc7 17. a3 Rb7 18. Ne1 Nf6 19. b4 cxb4 20. axb4 Rxb4 21.
Rxb4 Qxb4 22. Rb1 Qc4 23. Qd4 Qa6 24. Qb4 Ng4 25. Bd4 Bxd4 26. Qxd4 Rc8 27. Nf3
e5 28. Qb4 Ne8 29. h3 Ngf6 30. Re1 Qc4 31. Qxc4 Rxc4 32. Re3 Nc7 33. Nd2 Rb4
34. g4 Kf8 35. f3 Rb2 36. Rd3 Nd7 37. Ncb1 Nc5 38. Re3 f5 39. Re2 Nd3 40. Re3
Nc5 41. Kf1 Nb5 42. Ke1 f4 43. Re2 Nd4 44. Rh2 Nxf3+ 0-1

[Event "División de Honor Aragonesa 2019 - Encuentros por tableros Global"]
[Site ""]
[Date "2019.03.30"]
[Round "10.16"]
[White "Pellicer Cemeli, Jose Luis"]
[Black "Bellosta Lopez, Pablo"]
[Result "1-0"]
[WhiteElo "1941"]
[BlackElo "2051"]
[PlyCount "0"]
[WhiteTeam "L'Aurora Estadilla"]
[BlackTeam "Atletismo Huesca"]
[EventDate "2019.01.26"]


1. d4 d5 2. c4 e6 3. Nc3 c6 4. cxd5 exd5 5. Nf3 Bf5 6. g3 Bd6 7. Bg2 h5 8. Nh4
Bg4 9. Qd3 Ne7 10. f3 Be6 11. e4 Nd7 12. e5 Bc7 13. Bg5 f6 14. exf6 gxf6 15.
Be3 Nf8 16. f4 Qd7 17. O-O Nf5 18. Nxf5 Bxf5 19. Qe2 O-O-O 20. b4 h4 21. b5
hxg3 22. hxg3 Qh7 23. bxc6 bxc6 24. Qa6+ Kd7 25. Nxd5 cxd5 26. Rac1 Ne6 27. Kf2
Be4 28. Rh1 Qg7 29. Bxe4 dxe4 30. d5 Bb6 31. dxe6+ Kxe6 32. Rc6+ Ke7 33. Rxh8
Qxh8 34. Qa3+ Kf7 35. Kg2 Bxe3 36. Qxe3 Qe8 37. Rc7+ Rd7 38. Rxa7 f5 39. Qb3+
Kg7 40. Qc3+ Kf7 41. Qc4+ Kg7 42. Qd4+  1-0

[Event "División de Honor Aragonesa 2019 - Encuentros por tableros Global"]
[Site ""]
[Date "2019.03.30"]
[Round "10.20"]
[White "Fabre Perez, Jose Maria"]
[Black "Gomez Calomarde, Saul"]
[Result "0-1"]
[WhiteElo "1994"]
[BlackElo "2033"]
[PlyCount "0"]
[WhiteTeam "Delicias"]
[BlackTeam "Teruel"]
[EventDate "2019.01.26"]

1. c4 c6 2. g3 d5 3. Nf3 Nf6 4. Bg2 g6 5. b3 Bg7 6. Bb2 Qb6 7. Qc2 Na6 8. 0-0 0-0 
9. Na3 Bg4 10. h3 Bd7 11. d3 Nb4 12. Qd2 e6 13. Rfc1 c5 14. Ne5 d4 15. Nxd7 Nxd7 
16. Kh2 f5 17. Nc2 Nc6 18. Ne1 Rae8 19. e3 e5 20. exd4 exd4 21. Nf3 Nde5 22. Re1 
Qc7 23. Nxe5 Bxe5 24. Bd5+ Kg7 25. f4 Bd6 26. Rxe8 Rxe8 27. Re1 Rxe1 28. Qxe1 Nb4 
29. Qe2 Nxd5 30. cxd5 Qe7 31. Qxe7+ Bxe7 32. b4 Kf7 33. b5 Ke8 34. Kg2 Kd7 35. g4 
Kd6 36. Kf3 Kxd5 37. Ba3 Bd8 38. Ke2 Bc7 39. Bc1 c4 40. dxc4+ Kxc4 41. a4 Kc3 42. 
Bd2+ Kc2 43. a5 a6 44. bxa6 bxa6 45. Bb4 Bxf4 46. Kf3 Bd2 47. Bc5 d3 48. Bb6 Bh6 
 0-1

[Event "División de Honor Aragonesa 2019 - Encuentros por tableros Global"]
[Site ""]
[Date "2019.03.30"]
[Round "10.21"]
[White "Colas Longares, Rafael P."]
[Black "Gracia Suarez, Jesus"]
[Result "1-0"]
[WhiteElo "2337"]
[BlackElo "2080"]
[PlyCount "0"]
[WhiteTeam "Enroque"]
[BlackTeam "San Jose"]
[EventDate "2019.01.26"]

1. e4 c5 2. Nc3 Nc6 3. Bb5 e6 4. Bxc6 bxc6 5. Nf3 c4 6. O-O Bc5 7. Ne5 Qh4 8.
Nxc4 d5 9. d4 Ba6 10. dxc5 Bxc4 11. Re1 Nf6 12. Qf3 Rd8 13. Bf4 dxe4 14. Nxe4
Bd5 15. Qg3 Qxg3 16. Nxg3 O-O 17. b3 Nd7 18. Bd6 e5 19. c4 Be6 20. Bxf8 Kxf8
21. Rad1 Ke7 22. Ne4 h6 23. Nd6 g5 24. Nb7 Rb8 25. Na5 Rc8 26. Rd6 1-0

[Event "División de Honor Aragonesa 2019 - Encuentros por tableros Global"]
[Site ""]
[Date "2019.03.30"]
[Round "10.22"]
[White "Ferreruela Romero, Jose Joaquin"]
[Black "Garcia Vicente, Nieves"]
[Result "1/2-1/2"]
[WhiteElo "2033"]
[BlackElo "2189"]
[PlyCount "0"]
[WhiteTeam "San Jose"]
[BlackTeam "Enroque"]
[EventDate "2019.01.26"]

1. d4 d5 2. c4 e6 3. Nf3 Nf6 4. g3 dxc4 5. Bg2 Nc6 6. O-O a6 7. e3 Rb8 8. Nfd2
Be7 9. Nxc4 O-O 10. a4 Nb4 11. a5 Bd7 12. Nc3 c5 13. dxc5 Bxc5 14. e4 Bc6 15.
Bf4 Qxd1 16. Raxd1 Rbd8 17. Ne5 Bd4 18. Nxc6 Nxc6 19. e5 Ng4 20. Bxc6 bxc6 21.
Rde1 Rb8 22. Re2 g5 23. Bxg5 Nxe5 24. Kg2 Nc4 25. Re4 e5 26. Bf6 h5 27. Rh4 Kh7
28. Ne4 Kg6 29. g4 hxg4 30. Rc1 Kf5 31. Rxc4 Kxe4 32. Rxc6 Rxb2 33. Rxg4+ Kd5
34. Rxa6 Rxf2+ 35. Kg3 Ra2 36. Rg5 Rc8 37. h4 Rc3+ 38. Kg4 Rg2+ 39. Kh5 Rh2 40.
Ra8 Ra3 41. Re8 Re2 42. Rd8+ Ke4 43. Rf8 Kd3 44. Rg3+ Re3 45. Rxe3+ Bxe3 46.
Rxf7 Rxa5 47. Re7 e4+ 48. Kg6 Ra2 49. Rd7+ Ke2 50. h5 Kf3 51. Kf5 Rh2 52. Kg6
Rg2+ 53. Kf5 Rh2 54. Kg6 Rg2+ 55. Kf5 Rh2 1/2-1/2

[Event "División de Honor Aragonesa 2019 - Encuentros por tableros Global"]
[Site ""]
[Date "2019.03.30"]
[Round "10.23"]
[White "Escuer Sanchez, Nestor"]
[Black "Palomar Ramon, Santiago"]
[Result "1-0"]
[WhiteElo "2070"]
[BlackElo "1946"]
[PlyCount "0"]
[WhiteTeam "Enroque"]
[BlackTeam "San Jose"]
[EventDate "2019.01.26"]

1. Nf3 Nf6 2. g3 d5 3. Bg2 c6 4. O-O Bf5 5. d3 Nbd7 6. Nbd2 e6 7. Re1 h6 8. c4
Be7 9. e4 Bg4 10. h3 Bh5 11. e5 Nh7 12. d4 Ng5 13. Qb3 Nxf3+ 14. Nxf3 Rb8 15.
Bd2 dxc4 16. Qxc4 Nb6 17. Qd3 Nd5 18. a3 a5 19. Nh2 Qb6 20. Be4 Kd7 21. Bc3 g5
22. Nf1 Qd8 23. Qd2 a4 24. Bd3 b5 25. Ne3 Bf3 26. Nc2 Qc8 27. Rac1 Qg8 28. Be4
g4 29. Bxf3 gxf3 30. Qd3 Nf4 31. Qxf3 Nxh3+ 32. Kf1 h5 33. Nb4 Bxb4 34. Bxb4
Rc8 35. Red1 Ng5 36. Qf6 Qd8 37. d5 cxd5 38. Rxd5+ exd5 39. Qd6+ Ke8 40. Rxc8
Qxc8 41. Qe7# 1-0

[Event "División de Honor Aragonesa 2019 - Encuentros por tableros Global"]
[Site ""]
[Date "2019.03.30"]
[Round "10.24"]
[White "Gonzalez Castillo, Javier"]
[Black "Campo Pelegrin, Ramon"]
[Result "0-1"]
[WhiteElo "1457"]
[BlackElo "1795"]
[PlyCount "0"]
[WhiteTeam "San Jose"]
[BlackTeam "Enroque"]
[EventDate "2019.01.26"]

1. e4 e5 2. Nf3 Nc6 3. Bc4 Bc5 4. c3 Nf6 5. d3 d6 6. Nbd2 O-O 7. O-O Bb6 8. h3
h6 9. Re1 a6 10. Bb3 Ba7 11. Nf1 Be6 12. Bc2 Ne7 13. Ng3 Ng6 14. d4 c5 15. d5
Bd7 16. c4 b5 17. b3 Bb6 18. Be3 Ba5 19. Rf1 bxc4 20. bxc4 Qc7 21. Qd3 Rfb8 22.
Nd2 Nf4 23. Bxf4 exf4 24. Ne2 Bxd2 25. Qxd2 f3 26. Nf4 g5 27. Qc3 fxg2 28. Nxg2
Nh7 29. Qf3 Rb2 30. Bb3 Qd8 31. Ne1 Qf6 32. Qe3 Rxb3 33. axb3 Qxa1 34. h4 Re8
35. Kh1 Qe5 36. f3 Qg3 37. Ng2 Bh3 38. Rg1 Bxg2+ 39. Rxg2 Qxh4+ 40. Kg1 Qh5 41.
Rh2 Qg6 42. Rg2 f5 43. Re2 fxe4 44. fxe4 Nf6 45. Qd3 Rxe4 46. Rxe4 Qxe4 47. Qc3
Qd4+ 48. Qxd4 cxd4 0-1

[Event "ARA Campeonato de Aragon por Equipos Play-offs Ascenso y Descenso  (204365)"]
[Site "Aragon"]
[Date "2019.03.30"]
[Round "10.25"]
[White "Accattato Martin, Mario"]
[Black "Hinojar Basa, Alfonso"]
[Result "1-0"]
[WhiteElo "2215"]
[BlackElo "2192"]
[PlyCount "0"]
[WhiteTeam "Monzon"]
[BlackTeam "Marcos Frechin A"]
[EventDate "2019.03.30"]

1. e4 e6 2. d4 d5 3. Bd3 dxe4 4. Bxe4 Nf6 5. Bf3 c5 6. Ne2 cxd4 7. Qxd4 Nbd7 8.
Nbc3 Bc5 9. Qf4 Qe7 10. Qg3 O-O 11. Bh6 Ne8 12. O-O-O Bd6 13. Bf4 Bxf4+ 14.
Nxf4 Ne5 15. Be4 f5 16. Bd3 Qc7 17. Rhe1 Nxd3+ 18. Rxd3 Qb6 19. Rde3 Nc7 20.
Nh5 Ne8 21. Nf4 Nc7 22. Nh5 Ne8 23. Qe5 Qd6 24. Nf4 Qxe5 25. Rxe5 Nc7 26. Nb5
Nxb5 27. Rxb5 Kf7 28. Rbe5 Re8 29. Nd5 Rb8 30. Nc7 Re7 31. Nb5 a6 32. Nd6+ Kf6
33. Nxf5 Rc7 34. Nd4 Bd7 35. Nxe6 Re8 36. Nxc7 Rxe5 37. Rxe5 Kxe5 38. c4 Bc6
39. f3 Kd4 40. Kd2 Kxc4 41. Ne6 g6 42. Nf8 Kd4 43. Nxh7 Ke5 44. Ke3 a5 45. g4
b5 46. f4+ Ke6 47. Ng5+ Kf6 48. Ne4+ Ke6 49. Kd4 b4 50. h4 a4 51. a3 bxa3 52.
bxa3 Be8 53. Ng3 Kf6 54. h5 Bd7 55. g5+ Kg7 56. h6+ Kf7 57. Ne4 Bc6 58. Nc5 Be8
59. Kc4 1-0

[Event "ARA Campeonato de Aragon por Equipos Play-offs Ascenso y Descenso  (204365)"]
[Site "Aragon"]
[Date "2019.03.30"]
[Round "10.26"]
[White "Ciriano Lamban, Alejandro"]
[Black "Barranco Mananet, Fernando"]
[Result "1-0"]
[WhiteElo "2041"]
[BlackElo "2045"]
[PlyCount "0"]
[WhiteTeam "Marcos Frechin A"]
[BlackTeam "Monzon"]
[EventDate "2019.03.30"]

1. d4 Nf6 2. c4 e6 3. Nf3 b6 4. g3 Bb7 5. Bg2 Be7 6. O-O O-O 7. d5 exd5 8. Nh4
c5 9. cxd5 d6 10. Nc3 Ne8 11. Nf5 Bf6 12. e4 Bxc3 13. bxc3 Bc8 14. Ne3 Nd7 15.
c4 Ne5 16. f4 Ng6 17. Bb2 f6 18. h4 Bd7 19. h5 Nh8 20. Qc2 Rc8 21. Rae1 b5 22.
cxb5 Bxb5 23. Rf2 Bd7 24. Ref1 Bb5 25. Nc4 Qe7 26. a4 Ba6 27. Bh3 Rb8 28. Re1
Bxc4 29. Qxc4 Nc7 30. Rfe2 Rb4 31. Qc2 Rfb8 32. Bc3 Rc4 33. Bxf6 Rxc2 34. Bxe7
Rxe2 35. Rxe2 Re8 36. Bxd6 Nxd5 37. Bd7 Nc3 38. Rc2 Rd8 39. Be6+ Nf7 40. Rxc3
Rxd6 41. Bxf7+ Kxf7 42. Rxc5 Rd4 43. Rc7+ Kf8 44. Rxa7 Rxe4 45. Kf2 Rc4 46. Kf3
Rc5 47. Kg4 Rd5 48. a5 Kg8 49. a6 Ra5 50. Kh4 Ra4 51. g4 Rxf4 52. Rb7 h6 53. a7
Ra4 54. Rb8+ 1-0

[Event "ARA Campeonato de Aragon por Equipos Play-offs Ascenso y Descenso  (204365)"]
[Site "Aragon"]
[Date "2019.03.30"]
[Round "10.27"]
[White "Arrieta Restrepo, Steven"]
[Black "Ruiperez Gumiel, Ramon"]
[Result "1-0"]
[WhiteElo "1949"]
[BlackElo "1873"]
[PlyCount "0"]
[WhiteTeam "Monzon"]
[BlackTeam "Marcos Frechin A"]
[EventDate "2019.03.30"]


1. e4 c5 2. Nf3 a6 3. d4 cxd4 4. Nxd4 e5 5. Nb3 Nf6 6. Nc3 Be7 7. g3 Nc6 8. Bg2
d6 9. h3 Be6 10. O-O Rc8 11. Be3 Na5 12. Nxa5 Qxa5 13. Qd2 Qc7 14. Rfc1 O-O 15.
Nd5 Bxd5 16. exd5 Nd7 17. c4 b6 18. b4 Qd8 19. Rc2 f5 20. f4 exf4 21. gxf4 Rf6
22. Bd4 Rg6 23. Qe3 Bf6 24. Re1 Bxd4 25. Qxd4 Qh4 26. Re3 Nf6 27. c5 bxc5 28.
bxc5 dxc5 29. Rxc5 Rb8 30. Rc1 Ne4 31. Rf3 Rd8 32. Qe5 Nd6 33. Rc7 Re8 34. Qb2
Re1+ 35. Kh2 h6 36. Rc6 Kh7 37. Qf2 Qe7 38. Qc5 Re2 39. Rf2 Rxg2+ 40. Kxg2
Rxf2+ 41. Qxf2 Qe4+ 42. Kg3 Qxd5 43. Qc5 1-0

[Event "ARA Campeonato de Aragon por Equipos Play-offs Ascenso y Descenso  (204365)"]
[Site "Aragon"]
[Date "2019.03.30"]
[Round "10.28"]
[White "Torres Fernandez, Mario"]
[Black "Hidalgo Gracia, Andres"]
[Result "0-1"]
[WhiteElo "1872"]
[BlackElo "1846"]
[PlyCount "0"]
[WhiteTeam "Marcos Frechin A"]
[BlackTeam "Monzon"]
[EventDate "2019.03.30"]

1. d4 d5 2. Nf3 Nf6 3. e3 c6 4. Bd3 Nbd7 5. O-O e6 6. Nbd2 Bd6 7. e4 dxe4 8.
Nxe4 Be7 9. Bf4 O-O 10. Qe2 Nxe4 11. Qxe4 Nf6 12. Qe2 Qb6 13. c3 c5 14. Rad1
Bd7 15. dxc5 Qxc5 16. Be5 Rfd8 17. b4 Qb6 18. Bd4 Qc7 19. Be5 Qb6 20. Bd4 Qc7
21. Bb5 a6 22. Bxd7 Rxd7 23. Ne5 Rdd8 24. f4 Nd7 25. Qf2 b5 26. Rde1 Bf6 27. g4
Rab8 28. g5 Bxe5 29. fxe5 Nb6 30. Bc5 Nc4 31. a4 Rd2 32. Qf4 Qb7 33. Rf2 Rbd8
34. axb5 Rxf2 35. Kxf2 Rd2+ 36. Re2 Rxe2+ 37. Kxe2 Qg2+ 38. Bf2 axb5 39. h4 Qd5
40. Bd4 Qg2+ 41. Bf2 Qd5 42. Bd4 Qg2+ 43. Bf2 Nb6 44. Qd4 Nd5 45. c4 bxc4 46.
Qxc4 h6 47. gxh6 Qh2 48. Qe4 Nc3+ 0-1

[Event "ARA Campeonato de Aragon por Equipos Play-offs Ascenso y Descenso  (204365)"]
[Site "Aragon"]
[Date "2019.03.30"]
[Round "10.29"]
[White "Rodriguez Leiva, Manuel"]
[Black "Galve Guinea, Alejandro"]
[Result "1-0"]
[WhiteElo "1932"]
[BlackElo "2001"]
[PlyCount "0"]
[WhiteTeam "Jaime Casas B"]
[BlackTeam "El Olivar C"]
[EventDate "2019.03.30"]

1. c4 Nf6 2. Nc3 c6 3. g3 d5 4. cxd5 cxd5 5. d4 Nc6 6. Bg2 Bf5 7. Nf3 e6 8. O-O
Be7 9. Bf4 O-O 10. Rc1 h6 11. Ne5 Rc8 12. Nxc6 Rxc6 13. a3 Qa5 14. Qd2 Rfc8 15.
Nxd5 Qxd2 16. Nxe7+ Kf8 17. Bxd2 Rxc1 18. Rxc1 Rxc1+ 19. Bxc1 Kxe7 1-0

[Event "ARA Campeonato de Aragon por Equipos Play-offs Ascenso y Descenso  (204365)"]
[Site "Aragon"]
[Date "2019.03.30"]
[Round "10.30"]
[White "Hernandez Delgado, Gabriel"]
[Black "Buil Rello, Jose Antonio"]
[Result "1-0"]
[WhiteElo "1894"]
[BlackElo "1761"]
[PlyCount "0"]
[WhiteTeam "El Olivar C"]
[BlackTeam "Jaime Casas B"]
[EventDate "2019.03.30"]

1. d4 Nf6 2. Bf4 d6 3. Nf3 g6 4. Nc3 Bg7 5. Qd2 e6 6. Bh6 O-O 7. Bxg7 Kxg7 8.
e4 Nbd7 9. e5 Ng8 10. O-O-O d5 11. h4 h6 12. h5 g5 13. Bd3 a6 14. Ne2 c5 15. c3
Re8 16. Kb1 b6 17. Bc2 c4 18. Ka1 b5 19. Bb1 Nf8 20. Rh3 f5 21. exf6+ Qxf6 22.
Ne5 Qe7 23. f4 Nd7 24. fxg5 Nxe5 25. gxh6+ Kh8 26. dxe5 Qf8 27. h7 Nh6 28. Nf4
Qc5 29. Ng6+ Kxh7 30. Nf8+ Kg7 31. Rg3+ Kxf8 32. Qxh6+ Ke7 33. Rg7+ Kd8 34.
Qf6+ Re7 35. h6 Bb7 36. h7 Kd7 37. Rxe7+ Qxe7 1-0

[Event "ARA Campeonato de Aragon por Equipos Play-offs Ascenso y Descenso  (204365)"]
[Site "Aragon"]
[Date "2019.03.30"]
[Round "10.31"]
[White "Salas Latorre, Jose"]
[Black "Labrador Postigo, Francisco M."]
[Result "0-1"]
[WhiteElo "1718"]
[BlackElo "1876"]
[PlyCount "0"]
[WhiteTeam "Jaime Casas B"]
[BlackTeam "El Olivar C"]
[EventDate "2019.03.30"]

1. c4 c5 2. e4 d6 3. Nf3 Nf6 4. Nc3 e6 5. d4 cxd4 6. Nxd4 a6 7. Be2 Be7 8. O-O
O-O 9. Be3 b6 10. Qb3 Bb7 11. f3 Nbd7 12. Na4 Qc7 13. Rac1 Rac8 14. Rfd1 Rfe8
15. Nc2 Bd8 16. Rd2 d5 17. exd5 exd5 18. cxd5 Nxd5 19. Rcd1 N7f6 20. Bd4 b5 21.
Nc3 Nf4 22. Bf1 Qc6 23. Kh1 N6h5 24. Nb4 Qh6 25. Bf2 Bc7 26. Rd7 Ne6 27. f4
Qxf4 28. Bg1 Ng3+ 29. hxg3 Qh6+ 0-1

[Event "ARA Campeonato de Aragon por Equipos Play-offs Ascenso y Descenso  (204365)"]
[Site "Aragon"]
[Date "2019.03.30"]
[Round "10.32"]
[White "De La Riva Fernandez, Eduardo"]
[Black "Olivan Alvira, Alejandro"]
[Result "1-0"]
[WhiteElo "1794"]
[BlackElo "1459"]
[PlyCount "0"]
[WhiteTeam "El Olivar C"]
[BlackTeam "Jaime Casas B"]
[EventDate "2019.03.30"]

1. e4 d5 2. exd5 Qxd5 3. Nc3 Qa5 4. d4 Nf6 5. Bd2 c6 6. Bd3 Bg4 7. Nge2 e6 8.
O-O Nbd7 9. Qe1 Bxe2 10. Nxe2 Qc7 11. Bf4 Bd6 12. Bxd6 Qxd6 13. c3 O-O 14. f4
c5 15. Rd1 Nd5 16. Rf3 f5 17. c4 Nb4 18. Bb1 Qb6 19. d5 exd5 20. a3 Nc2 21.
Bxc2 Qxb2 22. Qc3 Qxc3 23. Nxc3 d4 24. Nd5 g6 25. Rb1 b6 26. Ba4 Nf6 27. Bc6
Rad8 28. Nxf6+ Rxf6 29. Bb5 d3 30. Rd1 d2 31. Kf2 Re6 32. Re3 Re4 33. g3 h6 34.
Rxe4 fxe4 35. Bc6 Rd3 36. Bxe4 Rxa3 37. Bxg6 Kg7 38. Be4 Rc3 39. Bd5 a5 40.
Rxd2 a4 41. Ra2 a3 42. Kg2 Kf6 43. g4 Rb3 44. Bf3 Rb2+ 45. Rxb2 axb2 46. Be4
Kf7 47. Kf2 Ke7 48. Ke2 1-0

[Event "Campeonato Aragon Preferente 2019"]
[Site "?"]
[Date "2019.02.23"]
[Round "5.4"]
[White "Carruez Berges, Fernando"]
[Black "Jimenez Fernandez, Alejandro"]
[Result "1/2-1/2"]
[WhiteElo "1993"]
[BlackElo "1985"]
[PlyCount "85"]
[EventDate "2019.??.??"]
[EventType "tourn"]
[EventRounds "9"]
[EventCountry "ESP"]
[WhiteTeam "Agrupacion B"]
[BlackTeam "Ibercaja B"]

1. e4 c6 2. d4 d5 3. exd5 cxd5 4. Bd3 Nf6 5. h3 Nc6 6. Nf3 e6 7. c3 Bd6 8. O-O
Bd7 9. Qe2 Qc7 10. Re1 O-O-O 11. Ne5 Rdf8 12. b4 Rhg8 13. Na3 Ne7 14. Nxd7 Qxd7
15. Nb5 Kb8 16. Nxd6 Qxd6 17. Qf3 Qc6 18. Bf4+ Ka8 19. Rec1 Ng6 20. b5 Qd7 21.
Bg3 Rc8 22. a4 Rgf8 23. b6 a6 24. Bb5 Qe7 25. Qe2 Ne8 26. Bxa6 Nd6 27. Bxd6
Qxd6 28. a5 Nf4 29. Qb2 e5 30. dxe5 Qg6 31. Bf1 Nxh3+ 32. Kh2 Ng5 33. a6 Qh5+
34. Kg1 Qg4 35. axb7+ Kxb7 36. Ba6+ Kb8 37. Bxc8 Nf3+ 38. Kh1 Rxc8 39. Ra8+ Kb7
40. Ra7+ Kb8 41. Ra8+ Kb7 42. Ra7+ Kb8 43. Ra8+ 1/2-1/2

[Event "Campeonato Aragon Preferente 2019"]
[Site "?"]
[Date "2019.03.09"]
[Round "7.37"]
[White "Sierra Aguerri, Joaquin"]
[Black "Planas Torrea, Francisco Javier"]
[Result "1/2-1/2"]
[WhiteElo "2082"]
[BlackElo "2060"]
[PlyCount "101"]
[EventDate "2019.??.??"]
[EventType "tourn"]
[EventRounds "9"]
[EventCountry "ESP"]
[WhiteTeam "Tauste"]
[BlackTeam "Ejea"]

1. d4 Nf6 2. Bf4 g6 3. e3 Bg7 4. Nf3 d6 5. h3 O-O 6. Be2 Nbd7 7. O-O b6 8. a4
a6 9. Na3 Bb7 10. a5 b5 11. c4 b4 12. Nc2 c5 13. d5 Nh5 14. Bh2 Bxb2 15. Nd2
Bxa1 16. Qxa1 Ng7 17. e4 f5 18. f4 fxe4 19. Nxe4 Nf6 20. Ng5 Bc8 21. g4 Rb8 22.
Bd3 b3 23. Ne3 b2 24. Qe1 Rb3 25. Bb1 Ra3 26. Ng2 Ra1 27. Nh4 Qxa5 28. Qxe7
Rxb1 29. Rxb1 Qc3 30. Qe2 Qc1+ 31. Qf1 Qc2 32. f5 Nfe8 33. Qd1 Qxd1+ 34. Rxd1
gxf5 35. Rb1 fxg4 36. Rxb2 Nf5 37. Nxf5 Bxf5 38. hxg4 Bxg4 39. Ne4 Bh3 40. Rf2
Rxf2 41. Kxf2 Bf5 42. Nxd6 Nxd6 43. Bxd6 Bd3 44. Bxc5 Bxc4 45. d6 Bb5 46. Ke1
Kf7 47. Kd2 Ke6 48. Kc3 Kd5 49. d7 Bxd7 50. Be7 a5 51. Kb2 1/2-1/2

[Event "División de Honor Aragonesa 2019"]
[Site "?"]
[Date "2019.03.16"]
[Round "8.25"]
[White "Garcia Fernandez, Javier"]
[Black "Gutierrez Mingueza, Ruben"]
[Result "1-0"]
[WhiteElo "2179"]
[BlackElo "2068"]
[PlyCount "109"]
[EventDate "2019.??.??"]
[EventType "tourn"]
[EventCountry "ESP"]
[WhiteTeam "Teruel"]
[BlackTeam "San Jose"]

1. d4 Nf6 2. c4 e6 3. Nf3 d5 4. Nc3 Be7 5. cxd5 exd5 6. Bg5 O-O 7. Qc2 Nbd7 8.
e3 Re8 9. Bd3 Nf8 10. h3 c6 11. O-O Nh5 12. Bxe7 Qxe7 13. Rae1 Be6 14. g4 Nf6
15. Ne5 N6d7 16. f4 f6 17. Nf3 Qd6 18. Qf2 Bf7 19. Nh4 Bg6 20. Nf5 Bxf5 21.
Bxf5 c5 22. Rd1 c4 23. e4 dxe4 24. Bxe4 Qa6 25. Bd5+ Kh8 26. Rfe1 Rac8 27. Bf7
Rxe1+ 28. Qxe1 Qd6 29. Qe4 Nb6 30. f5 Qg3+ 31. Qg2 Qe3+ 32. Kf1 Qe7 33. Bd5
Nxd5 34. Qxd5 Re8 35. Qf3 Qb4 36. Rd2 a6 37. a3 Qd6 38. Nd5 Qc6 39. Kf2 Qd6 40.
Nf4 b5 41. h4 Nd7 42. Kg2 Nf8 43. Kh3 Nd7 44. Re2 Rxe2 45. Qxe2 Nf8 46. Qe8 Kg8
47. Ne6 h6 48. Kg2 Qd5+ 49. Kf2 Qd6 50. Kf3 Qd5+ 51. Ke3 Qd6 52. Ke4 a5 53.
Qxf8+ Qxf8 54. Nxf8 Kxf8 55. Kd5 1-0

[Event "División de Honor Aragonesa 2019"]
[Site "?"]
[Date "2019.03.16"]
[Round "8.26"]
[White "Ferreruela Romero, Jose Joaquin"]
[Black "Dominguez Bujeda, Jesus"]
[Result "1-0"]
[WhiteElo "2033"]
[BlackElo "2062"]
[PlyCount "76"]
[EventDate "2019.??.??"]
[EventType "tourn"]
[EventCountry "ESP"]
[WhiteTeam "San Jose"]
[BlackTeam "Teruel"]

1. d4 d5 2. c4 e6 3. Nf3 Nf6 4. g3 Be7 5. Bg2 O-O 6. O-O dxc4 7. Qc2 a6 8. a4
Nc6 9. Qxc4 Qd5 10. Qd3 Rd8 11. Nc3 Qh5 12. Bf4 e5 13. Bxe5 Ng4 14. Bxc7 Rxd4
15. Qb1 Rb4 16. Rd1 Be6 17. h3 Nf6 18. g4 Qc5 19. a5 Rc8 20. Bb6 Qc4 21. e3 Qb3
22. Na2 Ra4 23. Nd2 Qb5 24. Nc3 Rxa1 25. Qxa1 Qb4 26. Nf3 Nd7 27. Nd4 Nxb6 28.
Nxc6 bxc6 29. axb6 Qxb6 30. Ne2 c5 31. Nf4 Bb3 32. Rd7 Rc7 33. Rxc7 Qxc7 34.
Qxa6 g6 35. Bd5 c4 36. Qb5 Bf6 37. Qe8+ Kg7 38. Bxf7 Bxb2 1-0